|
|
|
|
| LEADER |
00787cam a2200241 a 4500 |
| 001 |
0000128731 |
| 005 |
20110912090000.0 |
| 040 |
|
|
|a mod
|
| 041 |
|
|
|a eng
|
| 020 |
0 |
0 |
|a 9780431097343
|
| 090 |
0 |
0 |
|a 573.87
|b HAR
|c ffK
|e 2000
|
| 100 |
1 |
0 |
|a Hartley
|h Karen
|y 1949
|
| 245 |
1 |
0 |
|a Senses in living things
|c Karen Hartley, Chris Macro, Philip Taylor
|
| 250 |
0 |
0 |
|a Large format ed
|
| 260 |
0 |
0 |
|a Oxford
|b Heinemann Library
|c 2000
|
| 300 |
|
|
|a 32 p.
|b coll. ill.
|c 50 cm
|
| 490 |
0 |
0 |
|a Heinemann first library
|
| 500 |
0 |
0 |
|a Includes index
|
| 650 |
0 |
0 |
|a Senses and sensation
|x Study and teaching (Elementary)
|z Great Britain
|
| 700 |
1 |
1 |
|a Macro
|h Chris
|y 1940
|
| 700 |
1 |
1 |
|a Taylor
|h Philip
|y 1949
|
| 852 |
0 |
0 |
|a 01
|
| 999 |
|
|
|a 0289779
|b KEMENTAH
|d BOOKS
|e Rujukan Kanak-Kanak
|f Perpustakaan KEMENTAH
|j AVAILABLE
|q GOOD CONDITION
|